50 häufigste deutsche Wörter - Statistiken

Allgemein
  • Dieses Quiz wurde 51 mal gespielt
  • Das Durchschnittsergebnis liegt bei 25 aus 50
Antwortstatistiken
Rang Wort % Korrekt
1. der, die, das (bestimmter Artikel)
94%
17. der, die, das (Relativpronomen)
94%
19. er
94%
15. es
89%
31. ich
89%
22. sie
89%
4. und
89%
34. wir
83%
5. ein
79%
8. haben
70%
27. ihr
70%
2. in
66%
10. mit
64%
36. so
64%
30. wie
64%
46. oder
60%
6. zu
60%
35. aber
55%
11. an
55%
12. für
55%
13. auf
51%
23. können
51%
32. um
51%
21. bei
47%
16. nicht
47%
3. sein (Verb)
47%
47. bis
45%
26. dass
45%
41. vor
43%
20. als
40%
45. man
40%
29. nach
40%
28.. viel
38%
7. von
38%
9. werden
38%
24. aus
34%
37. noch
34%
38. über
34%
48. all
32%
18. auch
32%
25. dies
32%
42. müssen
32%
44. sollen
30%
39. nur
26%
40. sage
26%
43. geben
19%
33.. Jahr
17%
14. sich
17%
49. neu
4%
50. neu
4%
Keine übereinstimmenden Quizze gefunden
Verteilung der Resultate
Anzahl Personen mit jedem Resultat
Perzentil nach korrekt beantworteten Fragen
Ihre Resultats-Entwicklung
Sie haben dieses Quiz noch nicht gespielt